000 01329cam a2200325 a 4500
001 3890689
003 ARRUPE
005 20130924142021.0
008 900725s1991 caua 001 0 eng
010 _a 90055790
020 _a006250746X (pbk.) (alk. paper) :
_c$12.95 ($16.95)
040 _aDLC
_cDLC
_dDLC
050 0 0 _aBL438.2
_b.E29 1991
245 0 0 _aEarth prayers :
_bfrom around the world : 365 prayers, poems, and invocations for honoring the earth /
_cedited by Elizabeth Roberts & Elias Amidon.
250 _a1st ed.
260 _a[San Francisco, Ca.] :
_bHarperSanFrancisco,
_cc1991.
300 _a451 p. :
_bill. ;
_c14 cm.
500 _aContains index.
650 0 _aNature
_vPrayers and devotions.
_91000
650 0 _aEarth
_xReligious aspects
_91001
650 0 _aNature
_xReligious aspects
_91002
650 0 _aDevotional calendars.
_91003
651 0 _aEarth (Planet)
_vPrayers and devotions.
_91004
700 1 _aRoberts, Elizabeth J.,
_d1944-
_91005
700 1 _aAmidon, Elias.
_91006
856 4 2 _3Publisher description
_uhttp://www.loc.gov/catdir/description/hc044/90055790.html
906 _a7
_bcbc
_corignew
_d1
_eocip
_f19
_gy-gencatlg
942 _2lcc
_cMONOGRAPH
999 _c117977
_d117977